000 00513nam a2200181Ia 4500
001 22732
005 20260414150850.0
008 260414t2015||||xx |||||||||||||| ||spa||
041 _aESP
082 _a621.39
_bS17
100 _aSalas Arriarán, Sergio
_eAUT
245 0 _aTodo sobre sistemas embebidos :
_barquitectura, programación y diseño de aplicaciones prácticas con el PICI8F
260 _c2015
300 _a603 páginas :
_c29 cm.
650 _aTCA
654 _aCET
942 _cLIB
_dJUS
_fJUS
_2ddc
_n
999 _c22732
_d22732